Подробности
| 000 -МАРКЕР |
| контрольное поле |
02402nam0a2200421 4500 |
| 001 - ИДЕНТИФИКАТОР ЗАПИСИ |
| контрольное поле |
RU\NLR\bibl\879321 |
| 005 - ИДЕНТИФИКАТОР ВЕРСИИ |
| контрольное поле |
20260405081851.0 |
| 010 ## - МЕЖДУНАРОДНЫЙ СТАНДАРТНЫЙ НОМЕР КНИГИ (ISBN) |
| Номер (ISBN) |
5-17-033392-7 |
| Уточнения |
АСТ |
| 010 ## - МЕЖДУНАРОДНЫЙ СТАНДАРТНЫЙ НОМЕР КНИГИ (ISBN) |
| Номер (ISBN) |
985-13-4869-4 |
| Уточнения |
Харвест |
| Тираж |
10100 |
| 021 ## - НОМЕР ГОСУДАРСТВЕННОЙ РЕГИСТРАЦИИ |
| Код страны |
российская федерация |
| Номер |
2005-72252 |
| Номер Листа государственной регистраци |
3557 |
| 035 ## - ДРУГИЕ СИСТЕМНЫЕ НОМЕРА |
| Идентификатор записи |
(NLR Aleph) 000867900 |
| 100 ## - ДАННЫЕ ОБЩЕЙ ОБРАБОТКИ |
| Данные общей обработки |
20051125d2005 |||y0rusy50 ca |
| 101 0# - ЯЗЫК РЕСУРСА |
| Язык текста, звукозаписи и т.д. |
русский |
| 102 ## - СТРАНА ПУБЛИКАЦИИ ИЛИ ПРОИЗВОДСТВА |
| Страна публикации |
российская федерация |
| -- |
беларусь |
| 105 ## - ПОЛЕ КОДИРОВАННЫХ ДАННЫХ: ТЕКСТОВЫЕ МАТЕРИАЛЫ, МОНОГРАФИЧЕСКИЕ |
| Кодированные данные о монографическом текстовом документе |
y ||||||||| |
| 200 1# - ЗАГЛАВИЕ И СВЕДЕНИЯ ОБ ОТВЕТСТВЕННОСТИ |
| Основное заглавие |
Чайный гриб, мед, прополис, мумие и другие целебные средства в домашней энциклопедии |
| Сведения, относящиеся к заглавию |
целительная природа |
| -- |
[+ 140 рецептов] |
| Первые сведения об ответственности |
[авт.-сост. Любовь Смирнова] |
| 210 ## - ПУБЛИКАЦИЯ, РАСПРОСТРАНЕНИЕ И ДР. |
| Место издания, распространения и т.д. |
Москва |
| Имя издателя, распространителя и т. д. |
АСТ |
| Место издания, распространения и т.д. |
Минск |
| Имя издателя, распространителя и т. д. |
Харвест |
| Дата издания, распространения и т.д. |
2005 |
| 215 ## - ФИЗИЧЕСКАЯ ХАРАКТЕРИСТИКА |
| Специфическое обозначение материала и объем |
463 с. |
| Размеры |
27 |
| 300 ## - ОБЩИЕ ПРИМЕЧАНИЯ |
| Текст примечания |
В вып. дан. и макете: Целительная природа: чайный гриб, мед, прополис, мумие и другие целебные средства в домашней энциклопедии |
| 300 ## - ОБЩИЕ ПРИМЕЧАНИЯ |
| Текст примечания |
Загл. колонтит.: Целительные природные средства |
| 515 0# - ЗАГЛАВИЕ В КОЛОНТИТУЛЕ |
| Заглавие в колонтитуле |
Целительные природные средства |
| 517 0# - ДРУГИЕ ВАРИАНТЫ ЗАГЛАВИЯ |
| Вариант заглавия |
Целительная природа |
| Сведения, относящиеся к заглавию |
чайный гриб, мед, прополис, мумие и другие целебные средства в домашней энциклопедии |
| 606 1# - НАИМЕНОВАНИЕ ТЕМЫ КАК ПРЕДМЕТ |
| Наименование темы |
Прополис |
| Формальный подзаголовок |
Популярные издания |
| Тематический подзаголовок |
Лечебное применение |
| Системный номер авторитетной/нормативной записи |
1771657 |
| Идентификатор авторитетной/нормативной записи |
RU\NLR\AUTH\66795614 |
| 606 1# - НАИМЕНОВАНИЕ ТЕМЫ КАК ПРЕДМЕТ |
| Наименование темы |
Гидротерапия |
| Формальный подзаголовок |
Популярные издания |
| Системный номер авторитетной/нормативной записи |
1311566 |
| Идентификатор авторитетной/нормативной записи |
RU\NLR\AUTH\66227542 |
| 606 1# - НАИМЕНОВАНИЕ ТЕМЫ КАК ПРЕДМЕТ |
| Наименование темы |
Чайный гриб |
| Формальный подзаголовок |
Популярные издания |
| Тематический подзаголовок |
Лечебное применение |
| Системный номер авторитетной/нормативной записи |
1859774 |
| Идентификатор авторитетной/нормативной записи |
RU\NLR\auth\66843481 |
| 606 1# - НАИМЕНОВАНИЕ ТЕМЫ КАК ПРЕДМЕТ |
| Наименование темы |
Мед |
| Формальный подзаголовок |
Справочники |
| Тематический подзаголовок |
Лечебное применение |
| Системный номер авторитетной/нормативной записи |
1016629 |
| Идентификатор авторитетной/нормативной записи |
RU\NLR\AUTH\6670161 |
| 686 ## - ИНДЕКСЫ ДРУГИХ КЛАССИФИКАЦИЙ |
| Индекс |
Р354.41я9 |
| 686 ## - ИНДЕКСЫ ДРУГИХ КЛАССИФИКАЦИЙ |
| Индекс |
Р282.111 Чайный гриб |
| 686 ## - ИНДЕКСЫ ДРУГИХ КЛАССИФИКАЦИЙ |
| Индекс |
Р281.770-6я9 |
| 686 ## - ИНДЕКСЫ ДРУГИХ КЛАССИФИКАЦИЙ |
| Индекс |
Р351.122я9 |
| 702 #1 - ИМЯ ЛИЦА - ВТОРИЧНАЯ ОТВЕТСТВЕННОСТЬ |
| Код отношения |
Составитель |
| Материалы, к которым относится поле |
rus |
| Графика поля |
Кириллица |
| Начальный элемент ввода |
Смирнова |
| Часть имени, кроме начального элемента ввода |
Л. |
| Дополнения к именам, кроме дат |
популяризатор |
| Расширение инициалов личного имени |
Любовь |
| Идентификатор авторитетной/нормативной записи |
RU\NLR\auth\7728672 |
| Системный номер авторитетной/нормативной записи |
11703 |
| 801 #0 - ИСТОЧНИК ЗАПИСИ |
| Страна |
российская федерация |
| Организация |
NLR |
| Дата составления |
20051125 |
| Правила каталогизации |
rcr |
| 801 #1 - ИСТОЧНИК ЗАПИСИ |
| Страна |
российская федерация |
| Организация |
NLR |
| Дата составления |
20051125 |
| 942 ## - ДОПОЛНИТЕЛЬНЫЕ ЭЛЕМЕНТЫ ЗАПИСИ (АБИС) |
| Тип экземпляра АБИС |
Книга |
| 980 ## - КОЛЛЕКЦИЯ |
| Название коллекции |
Национальная библиография |